000 01625cad a22002535a 4500
001 L144248
008 080707e20080702xxkd f s f000 0 eng d
035 _a(Sirsi) u144248
041 0 _aeng
050 0 4 _a333.33 $2 18
110 2 _aNational Housing and Planning Advice Unit
_95426
245 0 0 _aPublic attitudes towards the affordability of market housing
_h[electronic resource]
260 _Fareham
_bNHPAU
_c2008
490 0 _aNHPAU Research Findings
_v(3)
505 2 _aMethod -- Government housing targets -- House prices -- Affordability -- Government policies on affordability -- Access to home ownership -- Housing aspirations -- Satisfaction with current housing -- Housing costs -- The credit crunch -- Impact on the credit crunch on the mortgage markets -- Government measures to protect against credit crunch
520 _aExplores public opinion on the affordability of market housing. Main observations included: 65% of respondents believe that the Government target of 240,000 new homes a year are either too low or about right; despite falling house prices, the majority of respondents believe that this will not significantly improve affordability and that one third of aspiring home owners believe that they will never be able to afford to buy a home.
521 _aAdvanced
590 _aKA
650 2 4 _aCREDIT CRUNCH
651 4 _aEngland and Wales
_y1543-
690 _aPROPERTY-RESIDENTIAL PROPERTY-RESIDENTIAL PROPERTY MARKET
856 4 0 _uhttps://www.communities.gov.uk/documents/507390/pdf/867687.pdf
_zView the document free of charge at www.communities.gov.uk/nhpau...
942 _n0
999 _c108427
_d108427